| 000 | 01444cam a2200409 a 4500 | ||
|---|---|---|---|
| 005 | 20260322212016.0 | ||
| 008 | data | ||
| 010 | _a 88009678 | ||
| 020 |
_a0385240236 : _c{dollar}25.00 |
||
| 020 |
_a9780385240239 : _c{dollar}25.00 |
||
| 040 |
_aDLC _cDLC _dDLC |
||
| 041 | 1 | _aengdut | |
| 043 | _ae-ne--- | ||
| 050 | 0 | 0 |
_aDS135.N6 _bF73313 1989 |
| 082 | 0 | 0 |
_aB _aB _220 |
| 092 | _a840.53 F733 1989 | ||
| 240 | 1 | 0 |
_aAchterhuis. _lEnglish |
| 245 | 0 | 4 |
_aThe diary of Anne Frank : _bthe critical edition / _cedited by Anne Frank ... [et al.]. |
| 250 | _a1st ed. | ||
| 260 |
_aNew York : _bDoubleday, _c1989. |
||
| 300 |
_axi, 719 p. : _bill. ; _c27 cm. |
||
| 500 | _aTranslation of: Achterhuis. | ||
| 504 | _aIncludes bibliographical references. | ||
| 600 | 1 | 0 |
_aFrank, Anne, _d1929-1945 _xDiaries. |
| 650 | 0 |
_aHolocaust, Jewish (1939-1945) _zAmsterdam _zAmsterdam _xPersonal narratives. |
|
| 650 | 0 |
_aJews _xPersecutions _zAmsterdam. _zAmsterdam. |
|
| 650 | 0 |
_aJews _zAmsterdam _zAmsterdam _xDiaries. |
|
| 651 | 0 |
_aAmsterdam (Netherlands) _xEthnic relations. |
|
| 700 | 1 |
_aFrank, Anne, _d1929-1945. |
|
| 700 | 1 | _aHardy, H. J. J. | |
| 700 | 1 | _aBarnouw, David. | |
| 700 | 1 | _aStroom, Gerrold van der. | |
| 710 | 2 | _aRijksinstituut voor Oorlogsdocumentatie (Netherlands) | |
| 710 | 2 |
_aNetherlands. _bGerechtelijk Laboratorium. |
|
| 856 | 4 | 2 |
_3Publisher description _uhttp://www.loc.gov/catdir/description/random0413/88009678.html |
| 001 | data | ||
| 999 |
_c359 _d359 |
||